Statistiken für Zählen Sie in 15 Sekunden bis fünfzehn (in Worten)

Klicken Sie hier um das Quiz zu spielen!

Allgemein

  • Dieses Quiz wurde 777 mal gespielt
  • Das Durchschnittsergebnis liegt bei 10 aus 15

Antwortstatistiken

Anzahl% Korrekt
eins
99%
zwei
97%
drei
96%
fünf
94%
vier
94%
sechs
91%
sieben
87%
acht
81%
neun
76%
zehn
68%
elf
62%
zwölf
42%
dreizehn
22%
vierzehn
11%
fünfzehn
6%

Verteilung der Resultate

Perzentil nach korrekt beantworteten Fragen

Anzahl Personen mit jedem Resultat

Ihre Resultats-Entwicklung

Sie haben dieses Quiz noch nicht gespielt